Tischler, János. I do szabli... - Warszawa : Lud. Spółdzielnia Wydawnicza. - 2001 [Rezension]
| Titel: | Tischler, János. I do szabli... - Warszawa : Lud. Spółdzielnia Wydawnicza. - 2001 [Rezension] |
|---|---|
| Verfasser: | |
| In: |
Borussia, Band 12, Heft 28 (2002), Seite 155-157 alle Artikel anzeigen |
| Veröffentlicht: | 2002 |
| Format: | Aufsatz |
| Sprache: | Polnisch |
X
alg: 39486408 001A $01999:12-11-16 001B $01999:03-08-21 $t21:04:49.000 001D $01999:12-11-16 001U $0utf8 001X $00 002@ $0Aox 003@ $0394864085 007A $0394864085 $aHEB 007T $0Herd75632 010@ $apol 011@ $a2002 021A $aTischler, János. I do szabli... - Warszawa : Lud. Spółdzielnia Wydawnicza. - 2001 [Rezension] 028A $aĆwikliński $dKrzysztof 031A $d12 $e28 $h155-157 $j2002 039B $aIn $8--Abvc--. Borussia. - Olsztyn : [Verlag nicht ermittelbar], 1991-2017. - ISSN 0867-6402 $x200200000120028845 $9048604585 039T $8--Aax--Tischler, János$Z1967- [Tp1]. I do szabli... - Warszawa : Lud. Spółdzielnia Wydawnicza, 2001. - ss. 226, il. $9395573408 045F $a900.9439 $eDDC23BSB 045F/01 $a900 045F/03 $g439 045F/03 $g438 045T $a8,1 $a7,41 lok: 39486408 78 exp: 39486408 78 1 #EPN 201B/01 $018-11-16 $t12:58:45.000 201U/01 $0utf8 203@/01 $0791162672 208@/01 $a12-11-16 $be 209A/01 $a/ $f000 $x00 220C/01 $aTitelaufnehmer: cs 244Z/01 $2Trx $#Ungari $#Vengrija $#Ungārija $#Ungarn $#Hungary $#Węgry $#Maďarsko $#Maďarsko $#Uhorsko $#Uhersko;Uhry $8--Trx--Magyarország $x01 $9391197150 244Z/01 $2Trx $#Poola $#Lenkija $#Polija $#Polen Land $#Poland $#Lengyelország $#Poľsko $#Polsko $8--Trx--Polska$gkraj $x02 $9391345966 244Z/01 $2Trx $#arvustused $#recenzijos $#Reviews $#recenziók $#recenzje $#recenzie $#recenze $8--Trx--Rezensionen $x03 $9391357441 247C/01 $82080>Marburg/Lahn, Herder-Institut, Forschungsbibliothek, Bibliographieportal $9336309341
| LEADER | 00000caa a22000002c 4500 | ||
|---|---|---|---|
| 001 | 394864085 | ||
| 003 | DE-603 | ||
| 005 | 20210803210449.0 | ||
| 007 | tu | ||
| 008 | 161112s2002 xx |||| | u00||u|pol c | ||
| 035 | |a (DE-599)HEB394864085 | ||
| 040 | |a DE-603 |b ger |c DE-603 |d DE-603 | ||
| 041 | |a pol | ||
| 082 | 0 | 4 | |8 1\u |a 900.9439 |q DE-101 |2 23/BSB |
| 084 | |a 8,1 |a 7,41 |2 ssgn | ||
| 085 | |8 1\u |b 900 | ||
| 085 | |8 1\u |z 2 |s 439 | ||
| 085 | |8 1\u |z 2 |s 438 | ||
| 100 | 1 | |a Ćwikliński, Krzysztof | |
| 245 | 0 | 0 | |a Tischler, János. I do szabli... - Warszawa : Lud. Spółdzielnia Wydawnicza. - 2001 [Rezension] |
| 264 | 0 | |c 2002 | |
| 773 | 0 | 8 | |i In |t Borussia |d Olsztyn : [Verlag nicht ermittelbar], 1991-2017 |x 0867-6402 |g Band 12, Heft 28 (2002), Seite 155-157 |w (DE-603)048604585 |w (DE-600)1110008-4 |
| 787 | 0 | 8 | |i Rezension von |a Tischler, János, 1967- |t I do szabli.. |d Warszawa : Lud. Spółdzielnia Wydawnicza, 2001 |h ss. 226, il., 8° |w (DE-603)395573408 |
| 924 | 0 | |9 2080 |a (DE-603)791162672 |b DE-2080 |c HES |d d |g / | |


